000 00753cam a22002412 4500
001 0000000300
005 20151021151044.0
008 070122s xx 000 0 eng d
020 _a8173664285 :
_cKES 2,600
040 _aKABU
_cKABU
050 0 _aQA76.9
_b.D3R66 2002
100 1 _aRoman, Steven.
_@0000148351
245 1 0 _aAccess database design and programming /
_cSteven Roman.
250 _a3rd ed.
260 _aBangalore :
_bSPD,
_c2002.
300 _axiv, 425 p.
650 0 _aMicrosoft Access.
_@0000148418
650 0 _aDatabase management.
_@0000148184
908 _a070122
950 _@1
999 _c159
_d159